000 01330nam a2200373 4500
001 143810
003 SpMaBN
005 20240129115323.0
008 881011s19850000sp a 0000 spa
016 7 _abimoBNE19921212602
_zIBH8605109097
_2SpMaBN
017 _aB 5584-1985
_bOficina Depósito Legal Barcelona
020 _a8433930591
035 _a(OCoLC)433784452
040 _aIBH
_bspa
_cSpMaBN
_erdc
_dES-MaACL
080 _a820(73)-821"19"
100 0 _aShepard, Sam
_9106083
240 1 0 _aMotel chronicles
_lEspañol
245 1 0 _aCrónicas de motel /
_cSam Shepard ; traducción de Enrique Murillo
260 _aBarcelona :
_bAnagrama,
_c[1985]
300 _a141 p. :
_bil. ;
_c20 cm
490 0 _aPanorama de narrativas ;
_v59
500 _aTraducción de: Motel chronicles
650 0 _9227278
_aLiteratura norteamericana
_yS. XX
700 0 _aMurillo, Enrique
_d1944-
_9227313
830 0 _aPanorama de narrativas
_v59
_9123642
852 _aES-MaACL
_bR.112544
_jL-10701
_9149006
_cDEPO2
942 _2udc
_cMONOGRAFIA
956 _a1 2
980 _aB 5584-1985
_a84-339-3059-1
_aEncuadernación en rústica
_aSpMaBN
_bBNMADRID
_j7/189947
_d3/80945
_cSG_RECOLET
980 _aSpMaBN
_bBNALCALA
_jDL/287949
_cCONSERVACI
999 _c143810
_d143810